Towards an African narrative theology / (Record no. 4830)
[ view plain ]
| 000 -LEADER | |
|---|---|
| fixed length control field | 00834nam a22002532 4500 |
| 001 - CONTROL NUMBER | |
| control field | 0000000622 |
| 005 - DATE AND TIME OF LATEST TRANSACTION | |
| control field | 20151217151752.0 |
| 008 - FIXED-LENGTH DATA ELEMENTS--GENERAL INFORMATION | |
| fixed length control field | 070213s xx 000 0 eng d |
| 020 ## - INTERNATIONAL STANDARD BOOK NUMBER | |
| International Standard Book Number | 996621187X : |
| Terms of availability | KES 256 |
| 040 ## - CATALOGING SOURCE | |
| Original cataloging agency | KABU |
| Transcribing agency | KABU |
| 050 #0 - LIBRARY OF CONGRESS CALL NUMBER | |
| Classification number | BR1360 |
| Item number | .H367 1996 |
| 100 1# - MAIN ENTRY--PERSONAL NAME | |
| Personal name | Healey, Joseph. |
| -- | 0000148869 |
| 245 10 - TITLE STATEMENT | |
| Title | Towards an African narrative theology / |
| Statement of responsibility, etc. | Joseph Healey, Donald Sybertz. |
| 260 ## - PUBLICATION, DISTRIBUTION, ETC. (IMPRINT) | |
| Place of publication, distribution, etc. | Nairobi : |
| Name of publisher, distributor, etc. | Paulines, |
| Date of publication, distribution, etc. | 1996. |
| 300 ## - PHYSICAL DESCRIPTION | |
| Extent | 400 p. |
| 650 #0 - SUBJECT ADDED ENTRY--TOPICAL TERM | |
| Topical term or geographic name as entry element | Catholic church |
| Geographic subdivision | Africa. |
| -- | 0000148870 |
| 650 #0 - SUBJECT ADDED ENTRY--TOPICAL TERM | |
| Topical term or geographic name as entry element | Christianity and culture |
| Geographic subdivision | Africa. |
| -- | 0000148871 |
| 650 #0 - SUBJECT ADDED ENTRY--TOPICAL TERM | |
| Topical term or geographic name as entry element | Pastoral theology |
| Geographic subdivision | Africa. |
| -- | 0000148872 |
| 650 #0 - SUBJECT ADDED ENTRY--TOPICAL TERM | |
| Topical term or geographic name as entry element | Narrative theology |
| Geographic subdivision | Africa. |
| -- | 0000148873 |
| 700 1# - ADDED ENTRY--PERSONAL NAME | |
| Personal name | Sybertz, Donald. |
| -- | 0000148874 |
| 908 ## - PUT COMMAND PARAMETER (RLIN) | |
| Put command parameter | 070213 |
| 950 ## - LOCAL HOLDINGS (RLIN) | |
| -- | 1 |
| Withdrawn status | Lost status | Source of classification or shelving scheme | Not for loan | Home library | Current library | Date acquired | Total Checkouts | Full call number | Barcode | Date last seen | Price effective from | Koha item type | Date last checked out |
|---|---|---|---|---|---|---|---|---|---|---|---|---|---|
| Library of Congress Classification | Kabarak, Main Campus | Kabarak, Main Campus | 17/12/2015 | BR1360 .H367 1996 | 000723 | 02/08/2024 | 17/12/2015 | General Collection | |||||
| Library of Congress Classification | Kabarak, Main Campus | Kabarak, Main Campus | 17/12/2015 | 1 | BR1360 .H367 1996 | 006374 | 22/04/2017 | 17/12/2015 | Africana Collection | 21/04/2017 |